000 01093 a2200169 4500
003 Nust
005 20230529104950.0
040 _cNust
082 _a808.83,HEY
100 _aHeyer, Georgette
_949213
245 _aRoyal Escape
_cHeyer,Georgete
260 _aLondon
_bWilliam
300 _a545:p
505 _aThen crowning mercy (Page-1), White ladies (Page-24), A very rainy day (Page-51), Who goes there (Page-78), Royal Osk (Page-101), The sum of one thousand pound (Page-125), The weight of there kingdoms (Page-147), Soldiers soldiers are coming (Page-171), That rogue Charles stewart (Page-200), A poor tentant’s son (Page-229), I kow it is my liege (Page-254), Frank, Frank how dost thou (Page-279), Through the crown should hang upon a bush (Page-305), A paying knave (Page-333), Take notice of him to be a tall man (Page-358), I kow we are pursued (Page-376), A very hot conflict (Page-400), Caesar’s man (Page-420), Guests at heale (Page-443), I must endeavor (Page-461), Brother roundhead (Page-492), I know him well (Page-516).
650 _aNovel
_92525
942 _2ddc
_cBK
999 _c186913
_d186913